Riadenie rektifikačnej kolóny : Obh. 11.6.1996 /

Salvato in:
Dettagli Bibliografici
Autore principale: Abdoulaev, Abdouvakhob (Autore)
Natura: Manoscritto Libro
Lingua:slovacco
Pubblicazione: Bratislava : STU v Bratislave ChtF, 1996
Tags: Aggiungi Tag
Nessun Tag, puoi essere il primo ad aggiungerne!!

MARC

LEADER 00000ntm a22000003a 4500
001 stu23944
005 20150617225748.1
008 960621s1996----xo------------------slo-d
040 |a STU  |b slo 
041 0 |a slo 
044 |a xo 
100 1 |a Abdoulaev, Abdouvakhob  |4 aut 
245 1 |a Riadenie rektifikačnej kolóny :  |b Obh. 11.6.1996 /  |c [aut.]Abdoulaev,Abdouvakhob 
260 |a Bratislava :  |b STU v Bratislave ChtF,  |c 1996 
300 |a 43 s :  |b Grafy,lit 
500 |a Zameranie: Chemické inžinierstvo a riadenie procesov 
996 |b CD12139  |c C*D12139  |l CCI  |s A  |a 24  |w stu23944_0001